|
|
|
|
| LEADER |
00000nab a2200000 a 4500 |
| 001 |
vtls000751412 |
| 003 |
SK-MaSNL |
| 005 |
20260304142651.0 |
| 008 |
250505c2001 xo 0 slo |
| 015 |
|
|
|a SNBRB2001/03-09302
|
| 035 |
|
|
|a CLN000103206
|
| 035 |
|
|
|a urn:nbn:sk:snk-ab7joq
|
| 035 |
|
|
|a (urnnbn)urn:nbn:sk:snk:ar-005ysf
|
| 035 |
|
|
|a (uuid)f45a6f0c-1a4a-448b-8815-001114037adc
|
| 040 |
|
|
|a SNKBUCL
|b slo
|c SNKBUCL
|e AACR2
|
| 041 |
0 |
|
|a slo
|
| 044 |
|
|
|a xo
|c SK
|
| 080 |
|
|
|a 37.015.3(048)
|2 1997
|
| 080 |
|
|
|a 159.923-057.87
|2 1997
|
| 100 |
1 |
|
|a Doušková, Alena,
|d 1956-
|4 aut
|9 219056
|
| 245 |
1 |
0 |
|a Kosová, B.: Rozvoj osobnosti žiaka. 1. diel Personalizácia, 2. diel Socializácia
|c A. Doušková
|
| 650 |
0 |
7 |
|a osobnosť
|x žiaci
|x personalizácia
|x socializácia
|x publikácie
|x recenzie
|2 snkbucl
|9 1462615
|
| 655 |
|
7 |
|a články z novín a časopisov
|2 snkbucl
|9 267496
|
| 773 |
0 |
|
|t Pedagogická revue
|g Roč. 53, č. 1 (2001), s. 97-100
|x 1335-1982
|
| 787 |
0 |
8 |
|i Rec.:
|a Kosová, Beata
|t Rozvoj osobnosti žiaka. 1., Personalizácia. 2., Sociológia
|d Banská Bystrica : Metodické centrum, 2000
|z 8080451796
|
| 850 |
|
|
|a Slovenská národná knižnica
|
| 852 |
|
|
|a Slovenská národná knižnica
|
| 954 |
|
|
|a odborná, vedecká literatúra pôvodná (slovenská)
|2 lita
|
| 958 |
|
|
|a article7
|
| 958 |
|
|
|a OND
|
| 958 |
|
|
|a SK
|
| 958 |
|
|
|a EUIPO
|
| 992 |
|
|
|a RBX
|
| 999 |
|
|
|c 2922313
|d 2924243
|